00979 2200397 4500001002100000005001500021035002000036007000300056008004100059020002200100082001400122084002000136100001800156245007000174260003100244300003400275700002000309990001400329990001400343990001400357990001400371990001400385990001400399990001400413990001400427990001400441990001400455990001400469990001400483990001400497990001400511990001400525990001400539990001400553990001400567INLIS00000000000034320260121091001 a0010-0126000036ta260121 0 ind  a978-623-180-938-4 a657.028.5 a657.028.5 SUC k0 aSuciono, bimo1 aKomputer Akuntansi pada Perusahaan Manufaktur dengan Accurate XII aJakarta :bErlangga,c2024 aix +270 hlm. ;c17,5 x 25 cm.0 aRahmanto, yudhi a018612025 a018622025 a018632025 a018642025 a018652025 a018662025 a018672025 a018682025 a018692025 a018702025 a018712025 a018722025 a018732025 a018742025 a018752025 a018762025 a018772025 a018782025